| 000 | 01167nam a2200289Ia 4500 | ||
|---|---|---|---|
| 003 | GCL | ||
| 005 | 20240530110910.0 | ||
| 008 | 140319s2003 ua g 000 0 ara d | ||
| 017 |
_a2003/3883 _bمصر. دار الكتب |
||
| 020 | _a9773511103 | ||
| 040 |
_aGCL / _cGCL |
||
| 082 | 0 | 4 |
_a320.54095694/ _bش ى |
| 100 | 1 | _aشاحاك، اسرائيل | |
| 245 | 1 | 0 |
_aاليهود واليهودية : _bثلاثة الاف عام من الخطايا / _cتاليف اسرائيل شاحاك ؛ ترجمة ميادة العفيفى ؛ تقديم ادوارد سعد |
| 250 | _aط.1 | ||
| 260 |
_aالقاهرة : _bميريت للنشر والمعلومات، _c2003. |
||
| 300 |
_a158 ص. ؛ _c24 سم. |
||
| 650 | 0 | 7 |
_2qrmak _aاليهود |
| 650 | 0 | 4 |
_2qrmak _aاليهود _xالاحوال الاجتماعية |
| 650 | 0 | 7 |
_2qrmak _aاليهودية |
| 650 | 0 | 7 |
_2qrmak _aاليهود _xالاحوال الاقتصادية |
| 650 | 0 | 7 |
_2qrmak _aحركات الاصلاح والتجديد |
| 700 | 0 |
_aميادة العفيفى _eمترجم |
|
| 700 | 0 |
_aادوارد سعد _eمقدم |
|
| 942 |
_2ddc _cBK |
||
| 999 |
_c66286 _d66286 |
||